Autour des coupes du monde de rugby - Statistiques

Statistiques générales
  • Ce quiz a été pris 73 fois
  • Le résultat moyen est 77 sur 100
Statistiques - réponses
Citez le ou un des pays hôte(s) Année Réponse % Correct
Citez une des nations classée 1ère de sa poule 1995 Afrique-du-Sud | Angleterre | Nouvelle-Zélande | France
98%
Citez une des nations classée 1ère de sa poule 2007 Afrique-du-Sud | Australie | Nouvelle-Zélande | Argentine
98%
Citez une des nations classée 1ère de sa poule 1999 Afrique-du-Sud | Nouvelle-Zélande | France | Pays de Galles | Australie
98%
Citez une des nations classée 1ère de sa poule 2015 Australie | Afrique-du-Sud | Nouvelle-Zélande | Irlande
98%
Citez une des nations classée 1ère de sa poule 2003 Australie | France | Angleterre | Nouvelle-Zélande
98%
Citez une des nations classée 1ère de sa poule 1987 Australie | Pays de Galles | Nouvelle-Zélande | France
98%
Citez une des nations classée 1ère de sa poule 2023 France | Irlande | Pays-de-Galles | Angleterre
98%
Citez une des nations classée 1ère de sa poule 2019 Japon | Nouvelle-Zélande | Angleterre | Pays de Galles
98%
Citez une des nations classée 1ère de sa poule 2011 Nouvelle-Zélande | Angleterre | Irlande | Afrique-du-Sud
98%
Citez une des nations classée 1ère de sa poule 1991 Nouvelle-Zélande | Ecosse | Australie | France
98%
Citez le ou un des pays hôte(s) 2023 France
95%
Citez le ou un des pays hôte(s) 1995 Afrique-du-Sud
94%
Citez le ou un des pays hôte(s) 2015 Angleterre | Pays de Galles
94%
Citez le ou un des pays hôte(s) 2007 France
92%
Citez le ou un des pays hôte(s) 1987 Nouvelle-Zélande
92%
Citez le ou un des pays hôte(s) 2011 Nouvelle-Zélande
92%
Citez une équipe africaine participante 1995 Afrique-du-Sud | Côte d'ivoire
90%
Citez une équipe africaine participante 1999 Afrique-du-Sud | Namibie
90%
Citez une équipe africaine participante 2003 Afrique-du-Sud | Namibie
90%
Citez une équipe africaine participante 2007 Afrique-du-Sud | Namibie
90%
Citez une équipe africaine participante 2011 Afrique-du-Sud | Namibie
90%
Citez une équipe africaine participante 2015 Afrique-du-Sud | Namibie
90%
Citez une équipe africaine participante 2019 Afrique-du-Sud | Namibie
90%
Citez une équipe africaine participante 2023 Afrique-du-Sud | Namibie
90%
Citez une équipe américaine participante 1995 Argentine | Canada
90%
Citez une équipe américaine participante 1987 Argentine | Canada | Etats-Unis
90%
Citez une équipe américaine participante 1991 Argentine | Canada | Etats-Unis
90%
Citez une équipe américaine participante 2007 Argentine | Canada | Etats-Unis
90%
Citez une équipe américaine participante 2011 Argentine | Canada | Etats-Unis
90%
Citez une équipe américaine participante 1999 Argentine | Canada | Etats-Unis | Uruguay
90%
Citez une équipe américaine participante 2003 Argentine | Canada | Etats-Unis | Uruguay
90%
Citez une équipe américaine participante 2015 Argentine | Canada | Etats-Unis | Uruguay
90%
Citez une équipe américaine participante 2019 Argentine | Canada | Etats-Unis | Uruguay
90%
Citez une équipe américaine participante 2023 Argentine | Uruguay | Chili
90%
Citez le ou un des pays hôte(s) 2003 Australie
90%
Citez le ou un des pays hôte(s) 2019 Japon
90%
Citez une équipe asiatique participante 1987 Japon
90%
Citez le ou un des pays hôte(s) 1991 Angleterre | France | Ecosse | Pays de Galles | Irlande
89%
Citez une des nations en demi-finale (hors le pays champion) 1995 Angleterre | France | Nouvelle-Zélande
89%
Citez une des nations en demi-finale (hors le pays champion) 2019 Angleterre | Nouvelle-Zélande | Pays de Galles
89%
Citez une des nations en demi-finale (hors le pays champion) 2023 Argentine | Angleterre | Nouvelle-Zélande
89%
Citez une des nations en demi-finale (hors le pays champion) 2015 Australie | Afrique-du-Sud | Argentine
89%
Citez une des nations en demi-finale (hors le pays champion) 2003 Australie | France | Nouvelle-Zélande
89%
Citez une des nations en demi-finale (hors le pays champion) 1987 Australie | France | Pays de Galles
89%
Citez une des nations en demi-finale (hors le pays champion) 1999 France | Afrique-du-Sud | Nouvelle-Zélande
89%
Citez une des nations en demi-finale (hors le pays champion) 2007 France | Argentine | Angleterre
89%
Citez une équipe asiatique participante 1995 Japon
89%
Citez une équipe asiatique participante 1999 Japon
89%
Citez une équipe asiatique participante 2003 Japon
89%
Citez une équipe asiatique participante 2007 Japon
89%
Citez une équipe asiatique participante 2015 Japon
89%
Citez une équipe asiatique participante 2019 Japon
89%
Citez une équipe asiatique participante 2023 Japon
89%
Citez une des nations en demi-finale (hors le pays champion) 1991 Nouvelle-Zélande | Ecosse | Angleterre
89%
Citez une des nations en demi-finale (hors le pays champion) 2011 Pays de Galles | Australie | France
89%
Citez une équipe asiatique participante 1991 Samoa | Japon
89%
Citez le ou un des pays hôte(s) 1999 Angleterre | France | Ecosse | Pays de Galles | Irlande
87%
Citez une équipe asiatique participante 2011 Japon
87%
Citez une des nations classée dernière de sa poule 2023 Namibie | Roumanie | Géorgie | Chili
86%
Citez une des nations classée dernière de sa poule 2011 Japon | Roumanie | Russie | Namibie
84%
Citez une des nations classée dernière de sa poule 1999 Espagne | Italie | Namibie | Japon | Etats-Unis
83%
Citez une des nations classée dernière de sa poule 2007 Etats-Unis | Canada | Portugal | Namibie
83%
Citez une des nations classée dernière de sa poule 1991 Etats-Unis | Zimbabwe | Argentine | Fidji
83%
Citez une des nations classée dernière de sa poule 1995 Roumanie | Argentine | Japon | Côte d'ivoire
83%
Citez une des nations classée dernière de sa poule 2015 Uruguay | Etats-Unis | Namibie | Canada
83%
Citez une des nations classée dernière de sa poule 2019 Russie | Canada | Etats-Unis | Uruguay
81%
Citez une des nations classée dernière de sa poule 1987 Zimbabwe | Argentine | Tonga | Japon
81%
Citez une des nations classée dernière de sa poule 2003 Namibie | Japon | Géorgie | Tonga
78%
Citez la ville d'un des deux stades ayant accueilli le plus de rencontres 2023 Saint-Denis | Marseille
78%
Citez une équipe africaine participante 1987 Zimbabwe
76%
Citez une équipe africaine participante 1991 Zimbabwe
76%
Citez la ville d'un des deux stades ayant accueilli le plus de rencontres 2011 Auckland | Wellington
71%
Citez la ville d'un des deux stades ayant accueilli le plus de rencontres 2015 Cardiff | Londres
71%
Citez la ville d'un des deux stades ayant accueilli le plus de rencontres 2019 Yokohama | Tokyo
71%
Citez la ville d'un des deux stades ayant accueilli le plus de rencontres 2003 Sydney | Brisbane
70%
Citez la ville d'un des deux stades ayant accueilli le plus de rencontres 1999 Cardiff | Londres
67%
Citez la ville d'un des deux stades ayant accueilli le plus de rencontres 1995 Johannesburg | Pretoria
67%
Citez la ville d'un des deux stades ayant accueilli le plus de rencontres 2007 Saint-Denis | Cardiff
67%
Citez la ville d'un des deux stades ayant accueilli le plus de rencontres 1991 Londres | Cardiff
65%
Ecart de points lors de la finale 2023 1
59%
Ecart de points lors de la finale 2011 1
51%
Nationalité de l'arbitre de terrain de la finale 2019 Français
41%
Ecart de points lors de la finale 1987 20
40%
Ecart de points lors de la finale 1995 3
40%
Ecart de points lors de la finale 1991 6
40%
Ecart de points lors de la finale 2019 20
38%
Ecart de points lors de la finale 2003 3
38%
Ecart de points lors de la finale 2007 9
38%
Nationalité de l'arbitre de terrain de la finale 1995 Anglais
38%
Nationalité de l'arbitre de terrain de la finale 1987 Australien
38%
Ecart de points lors de la finale 2015 17
37%
Ecart de points lors de la finale 1999 23
37%
Nationalité de l'arbitre de terrain de la finale 2015 Gallois
33%
Nationalité de l'arbitre de terrain de la finale 2007 Irlandais
33%
Nationalité de l'arbitre de terrain de la finale 2011 Sud-Africain
33%
Nationalité de l'arbitre de terrain de la finale 2023 Australien
32%
Nationalité de l'arbitre de terrain de la finale 1991 Gallois
32%
Nationalité de l'arbitre de terrain de la finale 1999 Sud-Africain
30%
Nationalité de l'arbitre de terrain de la finale 2003 Sud-Africain
30%
Citez la ville d'un des deux stades ayant accueilli le plus de rencontres 1987 Brisbane | Sydney
24%
Aucun quiz correspondant
Distribution des résultats
% des personnes avec chaque résultat
Percentile par nombre de réponses
Votre historique - résultats
Vous n’avez pas pris ce quiz